000 00731nam0a22002171 4500
001 rc\616029
005 20250621183943.0
035 _a(NLR Aleph) 005859264
090 _a5861133
_c5861133
100 _a20031121d1986 |||y0rusy50 ca
101 0 _arus
102 _aRU
105 _ay |||||||||
200 1 _aШколы и группы продленного дня
_eОрг. учеб.-воспит. процесса
_e[Сборник]
_f[Сост. С.В. Журавель и др.
_gРедкол.: В.Е. Тараненко (пред.) и др.]
210 _aКиев
_cРад. шк.
_d1986
215 _a528 с.
_d20
801 0 _aRU
_bNLR
_gpsbo
801 1 _aRU
_bELAR
_2rusmarc
852 _aNLR
_j87-5/294
942 _cBOOK
980 _aNB